Responses for Show #8840 - Friday, March 31, 2023

Contestants

[<< previous game]

Jen Petro-Roy, a writer from Chelmsford, Massachusetts

Brittany Shaw, a senior insurance rater from Joliet, Illinois

Sharon Stone, a manager from Round Rock, Texas (whose 1-day cash winnings total $17,000)

[next game >>]

Jeopardy! Round responses

HEALTH & MEDICINE
THAT, OR A GOLF THING
VERMONT
SONGS FROM '60s MUSICALS
HEY, BIG SPENDER
SWEET CHARITY
    $200 8
virus

Jen
    $200 7
(Brittany: What is a sand trap?)

a bunker

Brittany
Triple Stumper
    $200 30
Montpelier

Jen
    $200 27
Man of La Mancha

Jen
    $200 16
Superman

Jen
    $200 13
the United Nations

Brittany
    $400 9
premenstrual syndrome

Jen
    $400 23
dimples

Brittany
    $400 5
skiing

Jen
    $400 1
How to Succeed in Business Without Really Trying

Sharon
    $400 17
American Express

Brittany
    $400 14
sober

Triple Stumper
    $600 10
clotting

Sharon
    $600 21
a Mulligan

Jen
    $600 6
(Brittany: Who is... Taft?)
(Sharon: Who is Hoover?)

President Coolidge

SharonBrittany
Triple Stumper
    $1,000 2
(Ken: You now have $1,400 and you're averaging 9 words per response.)

A Funny Thing Happened on the Way to the Forum

Sharon
    $600 18
saffron

Jen
    $600 15
(Jerry) Lewis

Jen
    $800 11
scurvy

Jen
    $800 22
a marker

Jen
    $800 28
the Connecticut River

Brittany
    $800 3
You're a Good Man, Charlie Brown

Brittany
    $800 19
(Jen: What is Grand Theft?)
(Ken: [Chuckling] No, don't buy one of those.)
[Jen laughs.]

Gran Turismo

BrittanyJen
    $800 26
Make-A-Wish

Sharon
    $1000 12
(Brittany: What is... Giardia?)

cholera

SharonBrittany
    $1000 24
an apron

Sharon
    $1000 29
(Brittany: Who is... Whitman?)

Frost

SharonBrittany
    $1000 4
1776

Jen
    $1000 20
Hong Kong

Triple Stumper
    $1000 25
(Brittany: What is women's equality?)

gender equality

SharonBrittany

Scores at the first commercial break (after clue 15):

Sharon Brittany Jen
$2,400 -$800 $3,400

Scores at the end of the Jeopardy! Round:

Sharon Brittany Jen
$6,200 -$400 $5,200

Double Jeopardy! Round responses

OH, THE LITERARY PLACES YOU DON'T WANT TO GO!
POLITICS TALK
LAST LINES OF MOVIES
TO THE TOWER!
ANCIENT VIPs
CONSECUTIVE LETTER WORD PAIRS
(Ken: For example, what is "clear day" would be C-D.)
    $400 24
Jurassic Park

Brittany
    $400 29
(Jen: What are delegates?)
(Brittany: What is a caucus?)
...
[The end-of-round signal sounds.]

a delegation

SharonBrittanyJen
    $400 28
Casablanca

Jen
    $400 13
Pharaoh

Sharon
    $400 27
(Brittany: What is... easy fixer?)

low maintenance

SharonBrittany
    $800 23
Kafka

Jen
    $800 19
a runoff

Brittany
    $800 12
King Kong

Jen
    $800 25
(Ken: Correct, with less than a minute to go.)

Sears

Sharon
    $800 14
Aristophanes

Brittany
    $800 26
number one

Sharon
    $1200 6
Gibson

Jen
    $1200 16
(Jen: What is impeach?)

the first time a veto was overridden

Jen
Triple Stumper
    $1200 9
Network

Sharon
    $1200 5
limestone

Triple Stumper
    $1200 22
(Ken: Yeah, [*] had haters.)

Herodotus

Sharon
    $1200 1
(Brittany: What are The Rolling Stones?)

Quiet Riot

Brittany
Triple Stumper
    $1600 7
Shutter Island

Brittany
    $1600 17
K Street

Sharon
    $1600 10
(Ken: Correct, sorry we couldn't show the clip.)
[Laughter]

Boogie Nights

Jen
    $1600 3
Petronas

Brittany
    $2,000 15
Nebuchadnezzar

Brittany
    $1600 2
siege towers

Triple Stumper
    $2000 8
(Jen: Who is Kashiguro?)

Kazuo Ishiguro

Jen
Triple Stumper
    $2,500 18
checks & balances

Sharon
    $2000 11
Magnum Force

Triple Stumper
    $2000 4
Seville, Spain

Triple Stumper
    $2000 20
Solon

Triple Stumper
    $2000 21
object permanence

Brittany

Scores at the end of the Double Jeopardy! Round:

Sharon Brittany Jen
$15,500 $6,800 $6,400
(lock game)

[wagering suggestions for these scores]

Final Jeopardy! Round responses

CITY HISTORY
(Ken: [To Sharon] From the 1973 bank robbery and hostage taking that gave us the phrase "[*] Syndrome".)
JenWhat is Somalia?
$500
BrittanyWhat is Pavlova
$6,001
SharonWhat is Stockholm?
$1,100
Stockholm

Final scores:

Sharon Brittany Jen
$16,600 $799 $5,900
2-day champion: $33,600 3rd place: $1,000 2nd place: $2,000

Game dynamics:

Coryat scores:

Sharon Brittany Jen
$14,600 $6,400 $6,400
17 R
(including 2 DDs),
1 W
13 R
(including 1 DD),
8 W
17 R,
4 W

Combined Coryat: $27,400

[game clues] [game scores] [suggest correction]

Game tape date: 2023-01-11
The J! Archive is created by fans, for fans. Scraping, republication, monetization, and malicious use prohibited; this site may use cookies and collect identifying information. See terms. The Jeopardy! game show and all elements thereof, including but not limited to copyright and trademark thereto, are the property of Jeopardy Productions, Inc. and are protected under law. This website is not affiliated with, sponsored by, or operated by Jeopardy Productions, Inc. Join the discussion at JBoard.tv.